000 006150000a22001930004500
003 LK-CoMWRAF
005 20230831093438.0
008 230817t1988 ||||| |||| 00| 0 eng d
020 _a955905600X
040 _aLK-CoMWRAF
_dLK-CoMWRAF
_eLK-CoMWRAF
041 _aeng
082 _a342.5493
_bHUM
245 _aHuman Rights and Religions in Sri Lanka:
_b a commentary on the universal declaration of human rights.
260 _aColombo:
_bSri Lanka Foundation,
_c1988
300 _axxvi, 317 p. ; 23 cm.
650 _aFREEDOM OF RELIGION-Sri Lanka
650 _aUniversal declaration of human rights
942 _cBK
999 _c1081
_d1081